000 00588 a2200181 4500
999 _c146
_d146
008 210413b ||||| |||| 00| 0 eng d
020 _a9789385750946
082 0 0 _a510.2462
_bB1861
100 _aBali, N. P.
245 _aA textbook of engineering mathematics - I /
_cby N.P. Bali and K.L. Sai Prasad.
250 _a12th ed.
260 _aNew Delhi:
_bUniversity Science Press,
_c2017.
300 _a274 p.
505 0 _aUniversity Science Press (An imprint of Laxmi publications Pvt. Ltd.)
650 0 _aEngineering Mathematics
700 _95100
_aPrasad, K. L. Sai
942 _2ddc
_cBK